All Pokémon with Suction Cups - Statistics

General Stats
  • This quiz has been taken 5 times
  • The average score is 3 of 5
Answer Stats
(Avail)ability Pokémon % Correct
First Ability Cradily
100%
First Ability Lileep
75%
First Ability Octillery
75%
Second Ability Inkay
25%
Second Ability Malamar
25%
No matching quizzes found
Score Distribution
Percent of People with Each Score
Percentile by Number Answered
Your Score History
You have not taken this quiz